000 00557nam a2200217Ia 4500
003 OSt
005 20220928141503.0
006 a|||||r|||| 00| 0
007 ta
008 220927b |||||||| |||| 00| 0 eng d
024 _a15473
037 _cTextual
040 _aSDCL
_cSDCL
_beng
041 _2eng
_aeng
082 _aWv5'I5 <- G5, N2
100 _aBlack Anthony
_9500547
245 0 _aPolitical thought in Europe 1250-1450
260 _c1992
942 _hWv5'I5 <- G5, N2
_cTEXL
_2CC
999 _c817880
_d817880